000 00525nam a22002057a 4500
008 150330b xxu||||| |||| 00| 0 eng d
020 _a9780071417389
041 0 _aeng
080 _a658.15
100 1 _aBrandes, Charles H.
245 1 0 _aValue investing today /
_cCharles H. Brandes.
250 _a3rd ed.
260 _aNew York :
_bMcGraw-Hill,
_c2004.
300 _a220 f.:
_bme il.;
_c24 cm.
500 _aPreface: f.IX-X1
505 _aIndex: f.211-220
650 0 _aStok
650 0 _aInvestime
942 _2udc
_cBK
999 _c594
_d594